| 000 | 00343nam a22001577a 4500 | ||
|---|---|---|---|
| 003 | SGT | ||
| 020 | _a978-81-239-2647-6 | ||
| 082 |
_a618.92 _bP16S |
||
| 100 | _aSINGH,MEHARBAN | ||
| 245 | _aPEDIATRIC CLINICAL METHODS | ||
| 250 | _a5TH | ||
| 260 |
_aNEW DELHI _bC.B.S PUB _c2016 |
||
| 300 | _a375 | ||
| 650 | _aAYURVEDA | ||
| 942 |
_2ddc _cBK _06 |
||
| 999 |
_c14963 _d14963 |
||